000 00504nam a22001697a 4500
999 _c141796
_d141796
005 20200114110407.0
010 _aENG-118768
020 _a9788125035336
_c80.00
035 _aEN-102300
037 _bDBAD/PUB
082 _a880.8
245 _aDew on Petals :
_cby Board of Editors
_ban anthology of english poetry /
260 _aHyderabad
_bOrient Longman
_c2008
270 _a3-6-752 Himayatnagar
_bHyderabad
_e500029
300 _a127p.
_c21cm(pbk)
942 _2ddc
_cEN
_h880.8
_mDEW